000 00962nas a2200289 4500
001 BR2010000542
003 BR-BrBNA
005 20231205113906.0
007 ta
008 230509b bl.|||p| |||| 00| 00por d
040 _aBR-BrBNA
_bpor
_cBiblioteca Nacional de Agricultura
041 _a(Pt)
072 _aF30
100 1 _aKamada, T.
100 1 _aPicoli, E.A.T.
100 1 _aVieira, R.F.
100 1 _aBarbosa, L.C.A.
100 1 _aCruz, C.D.
100 1 _aOtoni, W.C.
245 1 _aVariação de caracteres morfológicos e fisiológicos de populações naturais de Pfaffia glomerata (Spreng.)Pedersen e correlação com a produção de Beta-ecdisona
650 _aMACELA BRANCA
650 _aVARIAÇÃO GENÉTICA
650 _aGERMOPLASMA
773 0 _tRevista Brasileira de Plantas Medicinais (Brazil)
_xISSN 1516-0672
_g(Aug 2009), v. 11(3) p. 247-256
_wBR2010000542
909 _a202311
_bLúcia
_c55
_dLúcia Elande
942 _2AGRIS
_n0
_cANA
999 _c206147
_d206147